Normal view
MARC view
- Carlisle, Howard M
Entry Personal Name
001 - CONTROL NUMBER
- control field: 110760
003 - CONTROL NUMBER IDENTIFIER
- control field: NUST
005 - DATE AND TIME OF LATEST TRANSACTION
- control field: 20230321103956.0
008 - FIXED-LENGTH DATA ELEMENTS
- fixed length control field: 230321|| aca||aabn | a|a d
040 ## - CATALOGING SOURCE
- Original cataloging agency: NUST
- Transcribing agency: NUST
100 ## - HEADING--PERSONAL NAME
- Personal name: Carlisle, Howard M
670 ## - SOURCE DATA FOUND
- Source citation: Work cat.: (NUST)179126: Carlisle, Howard M., Management :, c1976.
